[Event "GER-chB Seniors 26th"]
[Site "Bad Neuenahr"]
[Date "2014.08.13"]
[Round "9"]
[White "Fischer, Paul"]
[Black "Neumann, Erwin"]
[Result "1/2-1/2"]
[WhiteElo "1892"]
[BlackElo "1922"]
[PlyCount "31"]
[EventDate "2014.08.05"]
[EventType "swiss"]
[EventRounds "9"]
[EventCountry "GER"]
[SourceTitle "EXT 2018"]
[Source "ChessBase"]
[SourceDate "2017.10.13"]
[SourceVersion "1"]
[SourceVersionDate "2017.10.13"]
[SourceQuality "1"]

1. Nc3 d5 2. e4 dxe4 3. Nxe4 e6 4. Nf3 Nf6 5. Nxf6+ Qxf6 6. d4 h6 7. Bd3 Bd6 8. Qe2 Nd7 9. 0-0 b6 10. Be4 Rb8 11. c3 a5 12. Qb5 0-0 13. Qh5 Bf4 14. g3 Bxc1 15. Raxc1 Bb7 16. Bxb7 1/2-1/2

[Event "GER-chB Seniors 26th"]
[Site "Bad Neuenahr"]
[Date "2014.08.11"]
[Round "7"]
[White "Schurig, Wilhelm"]
[Black "Neumann, Erwin"]
[Result "0-1"]
[WhiteElo "2026"]
[BlackElo "1922"]
[PlyCount "91"]
[EventDate "2014.08.05"]
[EventType "swiss"]
[EventRounds "9"]
[EventCountry "GER"]
[SourceTitle "EXT 2018"]
[Source "ChessBase"]
[SourceDate "2017.10.13"]
[SourceVersion "1"]
[SourceVersionDate "2017.10.13"]
[SourceQuality "1"]

1. Nf3 Nf6 2. g3 e6 3. Bg2 Be7 4. d3 d5 5. Nbd2 b6 6. 0-0 Bb7 7. Re1 0-0 8. c3 c5 9. Qc2 Nbd7 10. e4 Qc7 11. Nf1 Rac8 12. e5 Ne8 13. Bf4 g6 14. h4 Ng7 15. N1h2 Nh5 16. Bh6 Rfe8 17. Ng4 Qd8 18. Qd2 d4 19. cxd4 cxd4 20. Rac1 Nc5 21. Bg5 Bxg5 22. Nxg5 Bxg2 23. Kxg2 Qd5+ 24. Kg1 Nd7 25. Ne4 Rxc1 26. Rxc1 Nxe5 27. Nef6+ Nxf6 28. Nxf6+ Kh8 29. Nxd5 Nf3+ 30. Kg2 Nxd2 31. Nf6 Rd8 32. Rc7 Kg7 33. Ng4 Rd5 34. Rxa7 h5 35. Nh2 e5 36. Nf3 Nxf3 37. Kxf3 Kf6 38. g4 hxg4+ 39. Kxg4 Ke6 40. Rc7 f5+ 41. Kf3 Rc5 42. Rg7 Kf6 43. Rb7 Rc6 44. a4 e4+ 45. Ke2 Ke5 46. b4 0-1

[Event "GER-chB Seniors 26th"]
[Site "Bad Neuenahr"]
[Date "2014.08.05"]
[Round "1"]
[White "Schnell, Franz"]
[Black "Neumann, Erwin"]
[Result "0-1"]
[WhiteElo "1832"]
[BlackElo "1922"]
[PlyCount "74"]
[EventDate "2014.08.05"]
[EventType "swiss"]
[EventRounds "9"]
[EventCountry "GER"]
[SourceTitle "EXT 2018"]
[Source "ChessBase"]
[SourceDate "2017.10.13"]
[SourceVersion "1"]
[SourceVersionDate "2017.10.13"]
[SourceQuality "1"]

1. d4 Nf6 2. Nf3 b6 3. Bf4 Bb7 4. e3 e6 5. Nbd2 Be7 6. h3 d6 7. c3 Nbd7 8. Nc4 a5 9. a4 Nd5 10. Bh2 f5 11. Bd3 0-0 12. Qc2 Qe8 13. Qe2 Qf7 14. Ncd2 h6 15. e4 fxe4 16. Nxe4 N7f6 17. 0-0 Nh5 18. Bc4 Ndf4 19. Qe1 Bxe4 20. Qxe4 d5 21. Bxd5 exd5 22. Qc2 Nxh3+ 23. Kh1 N3f4 24. Ne5 Qf6 25. g4 Qg5 26. Rg1 Nf6 27. Rae1 Ne4 28. f3 Nd6 29. Qf2 Nh3 30. Qg3 Nxg1 31. Rxg1 Qe3 32. Re1 Qd2 33. Ng6 Bg5 34. Rf1 Rf7 35. Qe5 Raf8 36. Qxd5 Qe2 37. Rg1 Qxf3+ 0-1

[Event "Bad Woerishofen Seniors op 30th"]
[Site "Bad Woerishofen"]
[Date "2014.03.29"]
[Round "9"]
[White "Neumann, Erwin"]
[Black "Gulinelli, Euro"]
[Result "1-0"]
[WhiteElo "1932"]
[BlackElo "1579"]
[PlyCount "69"]
[EventDate "2014.03.21"]
[EventType "swiss"]
[EventRounds "9"]
[EventCountry "GER"]
[SourceTitle "EXT 2019"]
[Source "ChessBase"]
[SourceDate "2018.10.10"]
[SourceVersion "1"]
[SourceVersionDate "2018.10.10"]
[SourceQuality "1"]

1. e4 c6 2. Nf3 d5 3. exd5 cxd5 4. c3 Nc6 5. d4 Nf6 6. Bd3 Qc7 7. h3 e5 8. dxe5 Nxe5 9. Qe2 Bd6 10. Nxe5 0-0 11. Nf3 Re8 12. Be3 Bf4 13. Na3 Bxe3 14. fxe3 Qg3+ 15. Kd2 Bd7 16. Rhf1 d4 17. Nxd4 Nd5 18. Rf3 Qg5 19. Nac2 Re5 20. Re1 Rae8 21. Qf2 R8e7 22. g4 a6 23. c4 Nf6 24. Qg3 Ne4+ 25. Bxe4 Rxe4 26. Rf4 Qa5+ 27. b4 Qxa2 28. Rxe4 Rxe4 29. Qb8+ Re8 30. Qxb7 Bc8 31. Qc6 Kf8 32. Kc3 a5 33. Qc5+ Kg8 34. Qxa5 Qxa5 35. bxa5 1-0

[Event "Bad Woerishofen Seniors op 30th"]
[Site "Bad Woerishofen"]
[Date "2014.03.28"]
[Round "8"]
[White "Scholtyssek, Werner"]
[Black "Neumann, Erwin"]
[Result "0-1"]
[WhiteElo "1799"]
[BlackElo "1932"]
[PlyCount "58"]
[EventDate "2014.03.21"]
[EventType "swiss"]
[EventRounds "9"]
[EventCountry "GER"]
[SourceTitle "EXT 2019"]
[Source "ChessBase"]
[SourceDate "2018.10.10"]
[SourceVersion "1"]
[SourceVersionDate "2018.10.10"]
[SourceQuality "1"]

1. c4 e5 2. Nc3 b6 3. Nf3 Nc6 4. e3 Nf6 5. d4 exd4 6. exd4 Bb7 7. Be3 Bb4 8. Qc2 0-0 9. h3 Re8 10. Bd3 d5 11. 0-0 dxc4 12. Bxc4 Bxc3 13. bxc3 Qd6 14. Rad1 Nd8 15. Be2 Be4 16. Qc1 Nd5 17. Rfe1 Ne6 18. Ne5 f6 19. Nc4 Qc6 20. f3 Bg6 21. Bd2 Rad8 22. Ne3 Bf7 23. Nxd5 Qxd5 24. Bd3 Qxa2 25. Bb5 Re7 26. Bc6 Be8 27. Be4 Ba4 28. Bc2 Qxc2 29. Qa3 Ree8 0-1